Statistics for Countries With No Urban Areas Over 1 Million Residents

Click here to take the quiz!

General Stats

  • This quiz has been taken 111 times
  • The average score is 65 of 77

Answer Stats

Country% Correct
Andorra
96%
Saint Kitts and Nevis
96%
Vatican City
95%
San Marino
94%
Saint Vincent and the Grenadines
94%
Liechtenstein
94%
Palau
94%
Saint Lucia
93%
Fiji
93%
Nauru
93%
Slovenia
93%
Vanuatu
93%
Tuvalu
93%
Solomon Islands
92%
Estonia
92%
Dominica
92%
Iceland
92%
Samoa
92%
Luxembourg
91%
Marshall Islands
91%
Federated States of Micronesia
91%
Tonga
91%
Seychelles
90%
Latvia
90%
Montenegro
90%
Comoros
90%
Kosovo
90%
Barbados
90%
Monaco
90%
Belize
89%
Malta
89%
Trinidad and Tobago
89%
Kiribati
89%
Lithuania
89%
Moldova
88%
Bahamas
88%
Gambia
88%
Lesotho
88%
Grenada
87%
Antigua and Barbuda
87%
Mauritius
87%
São Tomé and Príncipe
87%
Swaziland
86%
Albania
86%
Maldives
86%
Macedonia
86%
Cape Verde
86%
Bosnia and Herzegovina
85%
Slovakia
85%
Djibouti
84%
Guyana
84%
East Timor
84%
Suriname
84%
Croatia
83%
Cyprus
82%
Jamaica
82%
Bhutan
81%
Eritrea
81%
Tajikistan
80%
Guinea-Bissau
78%
Namibia
78%
Turkmenistan
78%
Oman
76%
Brunei
74%
Burundi
74%
Equatorial Guinea
74%
Norway
73%
Papua New Guinea
72%
Malawi
70%
Gabon
68%
Kyrgyzstan
67%
Mauritania
67%
Switzerland
66%
South Sudan
66%
Central African Republic
65%
Botswana
64%
Nicaragua
52%

Score Distribution

Percentile by Number Answered

Percent of People with Each Score

Your Score History

You have not taken this quiz